| 000 | 00486nam a2200169Ia 4500 | ||
|---|---|---|---|
| 008 | 151213s9999 xx 000 0 und d | ||
| 020 | _a0-273-02194-X | ||
| 100 | _aN J J Gaskell C Deleattista and P J Swatten | ||
| 245 |
_aShipping Law _cN J J Gaskell C Deleattista and P J Swatten |
||
| 250 | _a8th | ||
| 260 |
_aU.K. _bPitnam Publication _c1987 |
||
| 300 | _a5050 p. | ||
| 650 | _aLaw | ||
| 650 | _aLaw | ||
| 700 | _aN J J Gaskell C Deleattista and P J Swatten | ||
| 999 |
_c3123 _d3123 |
||